Score 0/8 Timer 00:15
0 Plays Today
Member % Correct
Jan
85.6%
Marcia
81.7%
Bobby
78.8%
Cindy
78.8%
Greg
75.8%
Peter
69.8%
Mike
66.2%
Carol
64.5%
Remove Ads.
Support Sporcle.
Get the best of Sporcle when you Go Orange. This ad-free experience offers more features, more stats, and more fun while also helping to support Sporcle. Thank you for becoming a member.

You're not logged in!

Compare scores with friends on all Sporcle quizzes.
OR
Log In

Show Comments

Extras

Top Quizzes Today


Score Distribution

Your Account Isn't Verified!

In order to create a playlist on Sporcle, you need to verify the email address you used during registration. Go to your Sporcle Settings to finish the process.

Report this User

Report this user for behavior that violates our Community Guidelines.

Details: